Statistics for Highest Goalscorers in European Club Competitions for Sevilla

Click here to take the quiz!

General Stats

  • This quiz has been taken 27 times
  • The average score is 10 of 19

Answer Stats

#GoalsYearsNationalityAnswer% Correct
982011-2014, 2020-CroatiaIvan Rakitić
96%
2202013-2016FranceKevin Gameiro
96%
1262005-2012Mali/FranceFrédéric Kanouté
81%
5132013-2015ColombiaCarlos Bacca
77%
1452019-2021NetherlandsLuuk de Jong
77%
3182016-2019FranceWissam Ben Yedder
77%
6112020-MoroccoYoussef En-Nesyri
73%
1452019-2022ArgentinaLucas Ocampos
65%
4152005-2011BrazilLuís Fabiano
62%
982014-2016, 2017-2020ArgentinaÉver Banega
46%
792019-2022Morocco/SpainMunir El Haddadi
46%
1452016-2021Argentina/ItalyFranco Vázquez
35%
1452003-2005BrazilJúlio Baptista
27%
1272005-2010BrazilAdriano
23%
1362005-2009ItalyEnzo Maresca
23%
1452013-2015CameroonStéphane Mbia
23%
982013-2017SpainVitolo
23%
1452005-2006ArgentinaJavier Saviola
12%
792004-2011BrazilRenato
12%

Score Distribution

Percentile by Number Answered

Percent of People with Each Score

Your Score History

You have not taken this quiz